Le vocabulaire des stoïciens.

Saved in:
Bibliographic Details
Main Author: Laurand, Valéry (auteur)
Format: Book
Published: Paris, Francia: Ellipses, 2002.
Subjects:
Tags: Add Tag
No Tags, Be the first to tag this record!

MARC

LEADER 00000nam a22000007a 4500
003 CL-VaPUC
005 20220822114658.0
008 220720t2002 ||||| |||| 00| 0 eng d
999 |c 437335  |d 437333 
020 |a 2-7298-0984-8 
040 |c Pontificia Universidad Católica de Valparaíso 
082 7 |a 188 LAU 2002  |2 2 
100 |a Laurand, Valéry  |9 871974  |e auteur 
245 |a Le vocabulaire des stoïciens. 
260 |a Paris, Francia:  |b Ellipses,  |c 2002. 
300 |a 70 páginas. 
490 |n Vocabulaire de... 
500 |a c.1 Donación Familia Prof. Alejandro Guzmán Brito 
583 |c 20220720  |k Catalogador Asistente 
650 |a Estoicos   |x Terminología   |9 873533 
650 |a Estoicismo  |9 873534 
942 |2 ddc  |c BK  |n 0 
952 |0 0  |1 0  |2 ddc  |4 0  |6 188_000000000000000_LAU_2002  |7 1  |8 C_AGB  |9 585096  |a BIBDER  |b BIBDER  |d 2022-07-20  |e Donación  |i 5653166  |o 188 LAU 2002  |p 5653166  |r 2023-01-25  |t 1  |w 2022-07-20  |y BK_US  |k AGB